50 Classical Music Masterpieces.

محفوظ في:
التفاصيل البيبلوغرافية
التنسيق: قطعة موسيقية كتاب
اللغة:الإسبانية
منشور في: [Lugar de publicación no identificado]: Yamaha Music Media Corporation, 2016.
الموضوعات:
الوسوم: إضافة وسم
لا توجد وسوم, كن أول من يضع وسما على هذه التسجيلة!

MARC

LEADER 00000ndm a22000007a 4500
003 CL-VaPUC
005 20250324162319.0
008 250324t2016 ||||| |||| 00| 0 spa d
999 |c 447629  |d 447627 
040 |c Pontificia Universidad Católica de Valparaíso 
082 |2 22  |a Pn786.2 FIF 2016 
245 |a 50 Classical Music Masterpieces. 
246 |a Fifty Classical Music Masterpieces. 
250 |b Edición bilingue (inglés-japonés). 
260 |a [Lugar de publicación no identificado]:  |b Yamaha Music Media Corporation,  |c 2016. 
300 |a 50 partituras (209 páginas). 
500 |a c.1-9: Instituto Arcos. 08-01-2025 
583 |c 20250324  |k Yessy Sthefany Diaz Vidal 
650 0 |9 306528  |a Música para piano  |x Música clásica  |v Partituras 
650 0 |9 349684  |a Música clásica  |x Compositores  |x Bach, Beethoven, Chopin, etc.  |v Partituras de piano 
942 |2 ddc  |c BK  |n 1 
952 |0 0  |1 0  |2 ddc  |4 0  |6 PN_786_200000000000000_FIF_2016  |7 0  |8 A  |9 601848  |a BIBINC  |b BIBINC  |d 2025-03-24  |e Instituto Arcos  |i 5666692  |o Pn786.2 FIF 2016  |p 5666692  |r 2025-03-24  |t 1  |w 2025-03-24  |y PA  |k IFP 
952 |0 0  |1 0  |2 ddc  |4 0  |6 PN_786_200000000000000_FIF_2016  |7 0  |8 A  |9 601849  |a BIBINC  |b BIBINC  |d 2025-03-24  |e Instituto Arcos  |i 5666693  |o Pn786.2 FIF 2016  |p 5666693  |r 2025-03-24  |t 2  |w 2025-03-24  |y PA  |k IFP 
952 |0 0  |1 0  |2 ddc  |4 0  |6 PN_786_200000000000000_FIF_2016  |7 0  |8 A  |9 601850  |a BIBINC  |b BIBINC  |d 2025-03-24  |e Instituto Arcos  |i 5666694  |o Pn786.2 FIF 2016  |p 5666694  |r 2025-03-24  |t 3  |w 2025-03-24  |y PA  |k IFP 
952 |0 0  |1 0  |2 ddc  |4 0  |6 PN_786_200000000000000_FIF_2016  |7 0  |8 A  |9 601851  |a BIBINC  |b BIBINC  |d 2025-03-24  |e Instituto Arcos  |i 5666695  |o Pn786.2 FIF 2016  |p 5666695  |r 2025-03-24  |t 4  |w 2025-03-24  |y PA  |k IFP 
952 |0 0  |1 0  |2 ddc  |4 0  |6 PN_786_200000000000000_FIF_2016  |7 0  |8 A  |9 601852  |a BIBINC  |b BIBINC  |d 2025-03-24  |e Instituto Arcos  |i 5666696  |o Pn786.2 FIF 2016  |p 5666696  |r 2025-03-24  |t 5  |w 2025-03-24  |y PA  |k IFP 
952 |0 0  |1 0  |2 ddc  |4 0  |6 PN_786_200000000000000_FIF_2016  |7 0  |8 A  |9 601853  |a BIBINC  |b BIBINC  |d 2025-03-24  |e Instituto Arcos  |i 5666697  |o Pn786.2 FIF 2016  |p 5666697  |r 2025-03-24  |t 6  |w 2025-03-24  |y PA  |k IFP 
952 |0 0  |1 0  |2 ddc  |4 0  |6 PN_786_200000000000000_FIF_2016  |7 0  |8 A  |9 601855  |a BIBINC  |b BIBINC  |d 2025-03-24  |e Instituto Arcos  |i 5666698  |o Pn786.2 FIF 2016  |p 5666698  |r 2025-03-24  |t 7  |w 2025-03-24  |y PA  |k IFP 
952 |0 0  |1 0  |2 ddc  |4 0  |6 PN_786_200000000000000_FIF_2016  |7 0  |8 A  |9 601856  |a BIBINC  |b BIBINC  |d 2025-03-24  |e Instituto Arcos  |i 5666699  |o Pn786.2 FIF 2016  |p 5666699  |r 2025-03-24  |t 8  |w 2025-03-24  |y PA  |k IFP 
952 |0 0  |1 0  |2 ddc  |4 0  |6 PN_786_200000000000000_FIF_2016  |7 0  |8 A  |9 601857  |a BIBINC  |b BIBINC  |d 2025-03-24  |e Instituto Arcos  |i 5666700  |o Pn786.2 FIF 2016  |p 5666700  |r 2025-03-24  |t 9  |w 2025-03-24  |y PA  |k IFP